| 000 | 00923nam a2200289Ia 4500 | ||
|---|---|---|---|
| 003 | GCL | ||
| 008 | 140319s9999 xx 000 0 ara d | ||
| 040 |
_aGCL / _cGCL |
||
| 082 | 0 | 4 |
_a747 _bت د |
| 100 | 1 | _aتوحيده عبد الحميد المعدواى | |
| 245 | 1 | 0 |
_aالديكور فن واثر / _cتوحيده عبد الحميد المعدواى |
| 260 |
_a[S.N] : _bالهيئة المصرية العامة للكتاب ، _c1987 |
||
| 300 | _a162 | ||
| 650 | 0 | 4 | _aالتجارة |
| 650 | 0 | 4 | _aالصناعة |
| 650 | 0 | 4 | _aالاخشاب |
| 650 | 0 | 4 | _aالصناعات الخشبية |
| 650 | 0 | 4 | _aالتصميم |
| 650 | 0 | 4 | _aالاثاث |
| 650 | 0 | 4 | _aالديكور |
| 650 | 0 | 4 | _aحفر الخشب |
| 650 | 0 | 4 | _aالرسم بالالوان |
| 650 | 0 | 4 | _aالديكور الداخلى |
| 650 | 0 | 4 | _aالنباتات فى الفن |
| 650 | 0 | 4 | _aالزهور - تنسيق |
| 942 |
_2ddc _cBK |
||
| 999 |
_c30325 _d30325 |
||